Hodnotenie podnikových internetových stránok

Na minha lista:
Detalhes bibliográficos
Autor principal: Laco, Peter
Autor Corporativo: Univerzita Mateja Bela v Banskej Bystrici. Ekonomická fakulta
Formato: Livro
Idioma:eslovaco
Publicado em: Banská Bystrica Belianum 2018
Colecção:Studia oeconomica 60
Assuntos:
Tags: Adicionar Tag
Sem tags, seja o primeiro a adicionar uma tag!

MARC

LEADER 00000nam a2200000 4500
001 0253313
005 20240221112811.8
020 |a 978-80-557-1524-7 
041 0 |a slo 
044 |a SK 
245 1 0 |a Hodnotenie podnikových internetových stránok  |c Peter Laco 
264 1 |a Banská Bystrica  |b Belianum  |c 2018 
300 |a 122 s. 
490 1 |a Studia oeconomica  |v 60 
830 0 |a Studia oeconomica  |v 60 
610 2 0 |a podnik 
610 2 0 |a stránky webové 
610 2 0 |a legislatíva 
610 2 0 |a hodnotenie pracoviska 
610 2 0 |a teória hodnoty 
610 2 0 |a ceny 
610 2 0 |a odhad hodnoty 
610 2 0 |a metodika 
100 1 |a Laco, Peter 
710 2 |a Univerzita Mateja Bela v Banskej Bystrici. Ekonomická fakulta